Oasis - Definitely Maybe - Statistics

General Stats
  • This quiz has been taken 422 times
  • The average score is 8 of 11
Answer Stats
Hint Answer % Correct
3 Live Forever
86%
6 Supersonic
83%
1 Rock 'n' Roll Star
82%
2 Shakermaker
73%
5 Columbia
71%
11 Married With Children
70%
10 Slide Away
70%
9 Digsy's Dinner
65%
4 Up In The Sky
60%
7 Bring It On Down
55%
8 Cigarettes & Alcohol
36%
No matching quizzes found
Score Distribution
Percent of People with Each Score
Percentile by Number Answered
Your Score History
You have not taken this quiz